000 00553cam a2200205 a 4500
001 4317917
003 OSt
005 20150309153854.0
008 870319t19861968nyu j 000 1 eng
010 _a 87123523
040 _cBMC
082 _a813.5
100 1 _aStreatfeild, Noel
_932512
245 1 0 _aGemma
_cNoel Streatfeild ; illustrated by Betty Maxey
260 _aNew York, N.Y.
_bCollins: Lions
_c1968
300 _a157 p.
_c17 cm
650 2 4 _aNovela norteamericana
_917595
651 1 _aEngland
_xFiction.
942 _2ddc
_cBK
_hahoj
999 _c19395
_d19395